000
00304nam a2200121Ia 4500
005
20251222154343.0
008
251222s9999||||xx |||||||||||||| ||spa||
082
_a
519.5/D67
100
_a
"Días Mosto, Jorge"
245
0
_a
Estadística y otras amenidades mateméticas
250
_a
3a.ed.
942
_c
LIB
999
_c
34589
_d
34589